Manual of oculoplastic surgery / (Record no. 146937)
[ view plain ]
| 000 -LEADER | |
|---|---|
| fixed length control field | 01782nam a2200373 i 4500 |
| 001 - CONTROL NUMBER | |
| control field | ebr10806031 |
| 003 - CONTROL NUMBER IDENTIFIER | |
| control field | CaPaEBR |
| 006 - FIXED-LENGTH DATA ELEMENTS--ADDITIONAL MATERIAL CHARACTERISTICS--GENERAL INFORMATION | |
| fixed length control field | m o d |
| 007 - PHYSICAL DESCRIPTION FIXED FIELD--GENERAL INFORMATION | |
| fixed length control field | cr cn||||||||| |
| 008 - FIXED-LENGTH DATA ELEMENTS--GENERAL INFORMATION | |
| fixed length control field | 091028t20102010njua ob 000 0 eng|d |
| 020 ## - INTERNATIONAL STANDARD BOOK NUMBER | |
| Cancelled/invalid ISBN | 9781556428975 (alk. paper) |
| International Standard Book Number | 9781617117596 (e-book) |
| 040 ## - CATALOGING SOURCE | |
| Original cataloging agency | CaPaEBR |
| Language of cataloging | eng |
| Description conventions | rda |
| -- | pn |
| Transcribing agency | CaPaEBR |
| 050 14 - LIBRARY OF CONGRESS CALL NUMBER | |
| Classification number | RE87 |
| Item number | .M37 2010eb |
| 082 04 - DEWEY DECIMAL CLASSIFICATION NUMBER | |
| Classification number | 617.7/1 |
| Edition number | 22 |
| 245 00 - TITLE STATEMENT | |
| Title | Manual of oculoplastic surgery / |
| Statement of responsibility, etc | Mark R. Levine. |
| 250 ## - EDITION STATEMENT | |
| Edition statement | Fourth edition. |
| 264 #1 - PRODUCTION, PUBLICATION, DISTRIBUTION, MANUFACTURE, AND COPYRIGHT NOTICE | |
| Place of production, publication, distribution, manufacture | Thorofare, New Jersey : |
| Name of producer, publisher, distributor, manufacturer | SLACK Inc., |
| Date of production, publication, distribution, manufacture, or copyright notice | [2010] |
| Date of production, publication, distribution, manufacture, or copyright notice | �2010 |
| 300 ## - PHYSICAL DESCRIPTION | |
| Extent | 1 online resource (352 pages) : |
| Other physical details | illustrations |
| 336 ## - CONTENT TYPE | |
| Content type term | text |
| Source | rdacontent |
| 337 ## - MEDIA TYPE | |
| Media type term | computer |
| Source | rdamedia |
| 338 ## - CARRIER TYPE | |
| Carrier type term | online resource |
| Source | rdacarrier |
| 504 ## - BIBLIOGRAPHY, ETC. NOTE | |
| Bibliography, etc | Includes bibliographical references. |
| 505 0# - FORMATTED CONTENTS NOTE | |
| Formatted contents note | section 1. Introduction -- section 2. Trauma -- section 3. Cosmetic -- section 4. Congenital ptosis -- section 5. Acquired ptosis -- section 6. Eyelid malpositions -- section 7. Facial nerve dysfunction -- section 8. Eyelid flaps -- section 9. Orbital surgery -- section 10. Miscellaneous. |
| 588 ## - SOURCE OF DESCRIPTION NOTE | |
| Source of description note | Description based on print version record. |
| 590 ## - LOCAL NOTE (RLIN) | |
| Local note | Electronic reproduction. Palo Alto, Calif. : ebrary, 2013. Available via World Wide Web. Access may be limited to ebrary affiliated libraries. |
| 650 #0 - SUBJECT ADDED ENTRY--TOPICAL TERM | |
| Topical term or geographic name as entry element | Ophthalmic plastic surgery. |
| 655 #0 - INDEX TERM--GENRE/FORM | |
| Genre/form data or focus term | Electronic books. |
| 700 1# - ADDED ENTRY--PERSONAL NAME | |
| Personal name | Levine, Mark R. |
| 776 08 - ADDITIONAL PHYSICAL FORM ENTRY | |
| Display text | Print version: |
| Title | Manual of oculoplastic surgery. |
| Place, publisher, and date of publication | Thorofare, New Jersey : SLACK Inc., [2010] |
| Physical description | xvii, 331 pages |
| International Standard Book Number | 9781556428975 |
| Record control number | (DNLM)101518360 |
| -- | (DLC)10806031 |
| 797 2# - LOCAL ADDED ENTRY--CORPORATE NAME (RLIN) | |
| Corporate name or jurisdiction name as entry element | ebrary. |
| 856 40 - ELECTRONIC LOCATION AND ACCESS | |
| Uniform Resource Identifier | <a href="http://site.ebrary.com/lib/rucke/Doc?id=10806031">http://site.ebrary.com/lib/rucke/Doc?id=10806031</a> |
| Public note | An electronic book accessible through the World Wide Web; click to view |
No items available.
